000 01103nam1a22002171i 4500
001 rc\1033242
005 20260406194213.0
035 _a(NLR Aleph) 006256710
090 _a6806357
_c6806357
100 _a20041129g19819999u |0rusy50 ca
101 0 _arus
102 _aRU
105 _ay |||||||||
200 1 _aУказатель действующих отраслевых стандартов и технических условий на продукцию химико-фармацевтической промышленности
_fМ-во мед. пром-сти, Фил. Всесоюз. н.-и. хим.-фармац. ин-та им. С. Орджоникидзе в п. Купавна
210 _aКупавна
_cБ. и.
_d1981-
215 _d21
712 0 2 _aВсесоюзный научно-исследовательский химико-фармацевтический институт им. Орджоникидзе
_bКупавинский филиал
_3RU\NLR\AUTH\889957214
_9410539
801 0 _aRU
_bNLR
_gpsbo
801 1 _aRU
_bELAR
_2rusmarc
852 _aNLR
_bПт
_j11.1/975
942 _cBOOK